Multi-Category Ninesomes Quiz Stats

 Plays Quiz Updated Mar 31, 2019

Score 0/135 Timer 16:00
16 Plays Today
% Correct
Blue
98.9%
Black
98.7%
Yellow
97.8%
Red
97.8%
Green
97.5%
White
97.1%
Purple
97%
Orange
96.7%
Carson City
94.7%
Oklahoma City
94.7%
Salt Lake City
94.6%
Jefferson City
94.6%
Baton Rouge
92.8%
Capers
92.3%
Crapes
92.2%
Angela
92.2%
Little Rock
91.9%
Scrape
91.8%
Secpar
91.7%
Maroon
91.6%
Parsec
91.6%
Erica
91.5%
Pacers
91.4%
Spacer
91.1%
Recaps
91.1%
Des Moines
90.9%
Escarp
90.9%
Santa Fe
90.7%
Rita
90.6%
The Color of Money
90.5%
Jessica
90.5%
Monica
90.4%
Brazil
90.3%
Andrew Johnson
90.1%
Cat on a Hot Tin Roof
90%
Ballroom
89.9%
Billiard Room
89.9%
Portugal
89.8%
Library
89.3%
Mary
89.3%
Kitchen
89.2%
Cool Hand Luke
89.2%
Dining Room
89.1%
Lyndon Johnson
89%
Theodore Roosevelt
88.9%
% Correct
Lounge
88.9%
Pamela
88.7%
Tina
88.6%
Saint Patrick's Day
88.6%
Christmas Day
88.5%
Sandra
88.5%
New Year's Day
88.5%
Easter Monday
88.4%
Conservatory
88.4%
Harry Truman
88.3%
Gerald Ford
88.2%
Hall
88.2%
Equatorial Guinea
88.1%
Calvin Coolidge
88.1%
October Holiday
88.1%
August Holiday
88%
Study
87.7%
Guinea-Bissau
87.6%
Saint Stephen's Day
87.6%
Greed
87.6%
Absence of Malice
87.4%
Angola
87.3%
Road to Perdition
87.2%
Lust
87.1%
Gluttony
87.1%
Anger
86.8%
Mozambique
86.8%
The Hustler
86.4%
June Holiday
86%
Brett Kavanaugh
85.4%
São Tomé and Príncipe
85.3%
Saint Paul
84.9%
Nobody's Fool
84.5%
The Verdict
84.4%
May Day
84.3%
Cabo Verde
84.2%
Violence
83.6%
Fraud
83.4%
Calliope
82.9%
Jean-Luc Picard
82.8%
Chester Arthur
82.8%
Methionine
82.3%
Clio
82.3%
Erato
81.8%
Millard Fillmore
81.3%
% Correct
Leucine
81.2%
Clarence Thomas
80.7%
Limbo
80.6%
John Tyler
80.4%
Ruth Bader Ginsburg
80.3%
Timor-Leste
79.9%
Treachery
79.6%
Isoleucine
79.5%
Threonine
79.5%
Darryl Strawberry
79.2%
Euterpe
79.1%
Thalia
78.4%
Lysine
78.2%
Ken Griffey, Jr.
77.4%
Histidine
77.4%
Phenylalanine
77.4%
José Canseco
76.6%
Don Mattingly
76%
Heresy
76%
Urania
74.8%
John Roberts
74.4%
Beverly Crusher
74.3%
Roger Clemens
72.5%
Wesley Crusher
72.3%
Sonia Sotomayor
72.3%
Deanna Troi
72.2%
Mike Scioscia
71%
Geordi La Forge
70.8%
Valine
69.8%
Polyhymnia
69.8%
Ozzie Smith
69.2%
William Riker
69.1%
Elena Kagan
69%
Wade Boggs
69%
Melpomene
67.6%
Neil Gorsuch
65.8%
Stephen Breyer
64.5%
Data
63.6%
Worf
63.2%
Tryptophan
62.6%
Terpsichore
61.6%
Samuel Alito
61.3%
Tasha Yar
59.7%
Steve Sax
56.9%
Hud
49.8%

You're not logged in!

Compare scores with friends on all Sporcle quizzes.
OR
Log In

Sporcle TV

Today on Sporcle TV


Watch our educational content, quiz creation guides, and fun videos on Sporcle TV.

Show Comments

Extras

Top Quizzes Today


Score Distribution

Your Account Isn't Verified!

In order to create a playlist on Sporcle, you need to verify the email address you used during registration. Go to your Sporcle Settings to finish the process.

Report this User

Report this user for behavior that violates our Community Guidelines.

Details: